| 000 | 00597nam a2200205Ia 4500 | ||
|---|---|---|---|
| 003 | OSt | ||
| 005 | 20240708154521.0 | ||
| 008 | 210210b1969 xxu||||| |||| 00| 0 eng d | ||
| 040 | _cAL | ||
| 041 | _aHindi | ||
| 082 | _aH891.8 VEGB | ||
| 100 |
_aVEGAD (Amratlal). _9172888 _dअमृतलाल वेगड़ |
||
| 245 |
_aBapu suraj ke dost. _bबापू सूरज के दोस्त |
||
| 260 |
_aJabalpur _bVarshanachary Gulabchandr _c1969 |
||
| 300 | _a58 | ||
| 690 |
_aHindi Miscellaneous _9172889 |
||
| 700 |
_aAmratlal Vaigad _9172890 |
||
| 906 | _a029275 | ||
| 942 |
_2ddc _cBK |
||
| 999 |
_c80496 _d80496 |
||